000 00797 a2200181 4500
003 Nust
005 20170207154028.0
020 _a0-8493-3508-6
040 _cNust
100 1 _aWeber, Marvin J.
245 0 0 _aHandbook of laser wavelengths(EBOOK)
_cMarvin J. Weber
260 _aBoca Raton :
_bCRC Press,
_ccop. 1999
300 _a767 s. :
_bill.
440 4 _aThe CRC Press laser and optical science and technology series,
505 _aPart I: Small Devices (Page-19) Part II: Before, Between, And Beyond J2ME(Page-75) Part III: The Java 2 Micro Edition(Page-140) Part IV: Let The Games Begin! (Page-198) Part V: J2ME Extensions(Page-316) Part VI: Micro Racer(Page-364) Part VII: Appendixes (Page-386)
651 _aEBOOK
856 4 1 _uhttp://www.engnetbase.com/pdf/ENGnetBASE/3508/Frontmaterial.pdf
942 _2ddc
_cBK
999 _c192017
_d192017